| 000 | 00648nam a22002177a 4500 | ||
|---|---|---|---|
| 999 |
_c20665 _d20665 |
||
| 003 | AR-CdUCM | ||
| 008 | 190603b ||||| |||| 00| 0 spa d | ||
| 040 |
_aMUNICIPALIDAD PROVINCIAL DEL CUSCO _cBIBLIOTECA MUNICIPAL DEL CUSCO |
||
| 082 |
_a869.503 / _bP77 |
||
| 110 |
_aPopulibros peruanos _910317 |
||
| 245 | _aPortunduaga / | ||
| 260 |
_aLima : _bPanamerticana, |
||
| 300 |
_a382 páginas ; _c18 cm. |
||
| 500 | _a[libro reempastado] | ||
| 505 | _aContenido: Portunduaga -- Piquicho -- Litero... | ||
| 650 |
_aLitero _943203 |
||
| 650 |
_aLiteratura peruana _9169 |
||
| 650 |
_aEl piquicho _943204 |
||
| 942 |
_2ddc _cLIBROS |
||
| 945 | _aAndy | ||